LEADER 00989nam a2200253 u 4500 001 000000032863 003 CaOOAMICUS 005 20070226112311.0 008 971023s1979 it cf u000 u ita u 035 $a10774084 040 $aPUL(R)$bita 100 1 $aGalbiati, Enrico.$0(OLS)http://pul/name/6467 245 10$aScritti minori /$cEnrico Galbiati. 260 $aBrescia :$bPaideia,$cc1979. 300 $a2 v. :$bant.(ritr.) ;$c23 cm 504 $aBibliografia in nota. 850 $aPUL 852 $aPUL$W1$xSL Religione 1$y3$m9 H 15-16$j45215$nBK-PRI$b $qStampati$B45215$CPULBib$Z2$F45215 $H $81 852 $aPUL$W1$xSL Religione 1$y3$m9 H 15-16$j45215$nBK-PRI$b $qStampati$B45216$CPULBib$Z2$F45216 $H $81 941 1 $a8 961 $aINV: 47578-47579 961 $aINV: 47578-47579 996 $6245$aScritti minori$9(OLS)http://pul/title/6132 996 $6260$aBrescia :$bPaideia$9(OLS)http://pul/publisher/47884 LEADER 01181nam a2200301 u 4500 001 000000062532 003 CaOOAMICUS 005 20070226121138.0 008 011002s1995 it u000 u ita u 020 $a883842103X 035 $a10904956 040 $aPUL(R)$bita 245 03$aLa caritas /$cGiuseppe Pasini, Lorenza Dolazza (a cura di) 260 $aCasale Monferrato :$bPiemme,$c1995. 300 $a181 p. ;$c21 cm 490 1 $aBiblioteca della solidarietà ;$v31 504 $aBibliografia in nota. 610 24$aCaritas internationalis.$0(OLS)http://pul/subject/23637 700 1 $aDolazza, Lorenza.$0(OLS)http://pul/name/42596 700 1 $aPasini, Giuseppe.$0(OLS)http://pul/name/33389 830 0$aBiblioteca della solidarietà ;$v31.$0(OLS)http://pul/title/58645 850 $aPUL 852 $aPUL$W1$xSL Religione 1$y3$m67 A 61$j81289$nBK-PRI$b $qStampati$B81289$CPULBib$Z2$F81289 $H $81 941 1 $a8 961 $aINV: 82415 996 $6020$a883842103X$9(OLS)http://pul/number/81113 996 $6245$aLa caritas$9(OLS)http://pul/title/83427 996 $6260$aCasale Monferrato :$bPiemme$9(OLS)http://pul/publisher/51813